000 00320nam a22001457a 4500
008 210607b ||||| |||| 00| 0 eng d
020 _a0838599788
041 _aeng
080 _28th
_a579
082 _a579
100 _a11
101 _aMIK
245 _aZinsser Microbiology
_cWolfganf K. Joklik
942 _2udc
_cBK
999 _c58002
_d58002